| 000 | 00432nam a22001217a 4500 | ||
|---|---|---|---|
| 082 | _a220 PRO | ||
| 100 |
_aSYED LABEEB AHMAD ABDUL BASIT MALIK WAJIH TARIQ OSAMA NAEEM KHAN _971239 |
||
| 245 | _aPR-SOF-1435-ENERGY CONSERVATION SYSTEM WITH PRE-PAID BILLING AND ADVANCED USER INTERFACE | ||
| 260 |
_aISLAMABAD _bNUST COLLEGE OF EME _c2015 |
||
| 650 | _aDE-ELECT-33 | ||
| 700 |
_aDR. USMAN ALI Dr HAMOOD UL REHMAN _971240 |
||
| 942 | _cCR | ||
| 999 |
_c577867 _d577867 |
||